2011 Movies by Screenshot - Statistics

General Stats
  • This quiz has been taken 1,120 times
  • The average score is 13 of 16
Answer Stats
Picture Answer % Correct
Cars 2
99%
Harry Potter and the Deathly Hallows - Part 2
99%
Kung Fu Panda 2
98%
Fast Five
96%
Transformers: Dark of the Moon
96%
Captain America: The First Avenger
95%
Thor
95%
The Smurfs
93%
Pirates of the Caribbean: On Stranger Tides
89%
The Twilight Saga: Breaking Dawn - Part 1
89%
Rise of the Planet of the Apes
84%
Mission: Impossible - Ghost Protocol
80%
The Hangover Part II
77%
X-Men: First Class
68%
The Artist
23%
The Descendants
12%
No matching quizzes found
Score Distribution
Percent of People with Each Score
Percentile by Number Answered
Your Score History
You have not taken this quiz